00836nam a2200241 a 450000100100000000500170001000800410002702000180006804000250008608200160011110000280012724000320015524501270018726000470031430000280036149000230038950000240041250000270043650000420046370000330050570000330053883000230057100003464420200930073820.0111012s2008 ck a 000 0 spa d a9789583006630 aDO-SdBNPbspacBNPHU axxxxbW447m1 aWell, H. G.,d1866-194613aThe time machinelEspañol13aLa máquina del tiempo. /cHerbert George Wells; traducción Enrique Santos Molano; ilustraciones Jorge Alberto Ávila. aBogotá :bPanamericana Editorial,c2008. a175 p. :bils ;c21 cm.1 aLiteratura juvenil aSexta reimpresión aTraducido del inglés aIncluye notas al pie de las páginas1 aSantos Molano, Enrique,etr.1 aÁvila, Jorge Alberto,eil. 0aLiteratura juvenil